[Event "Titled Tuesday intern op 21st Sept"]
[Site "Chess.com INT"]
[Date "2021.09.21"]
[Round "4"]
[White "Gersov, Evgeny"]
[Black "Hajiyeva, Laman"]
[Result "0-1"]
[WhiteElo "2324"]
[BlackElo "1974"]
[PlyCount "82"]
[EventDate "2021.09.21"]
[EventType "swiss (blitz)"]
[EventRounds "9"]
[EventCountry "USA"]
[SourceTitle "EXT 2022"]
[Source "ChessBase"]
[SourceDate "2021.10.06"]
[SourceVersion "1"]
[SourceVersionDate "2021.10.06"]
[SourceQuality "1"]

1. e4 e6 2. d4 d5 3. Nd2 Be7 4. c3 c5 5. Ngf3 Nf6 6. e5 Nfd7 7. dxc5 Nc6 8. Bb5 Nxc5 9. 0-0 0-0 10. Nb3 a6 11. Nxc5 axb5 12. Nd3 b4 13. cxb4 Nxb4 14. Nxb4 Bxb4 15. Qb3 Bc5 16. Be3 Bxe3 17. Qxe3 Bd7 18. Nd4 Qa5 19. Rfc1 Rfc8 20. a3 b5 21. h3 Qa6 22. Rxc8+ Rxc8 23. Rc1 h6 24. Rxc8+ Qxc8 25. Kf1 Qc4+ 26. Ke1 b4 27. axb4 Qxb4+ 28. Qd2 Qc4 29. Qc3 Qa2 30. Kd2 Qb1 31. Qc1 Qe4 32. Nf3 Bb5 33. Qe1 Qb4+ 34. Kc1 Qc4+ 35. Kb1 Ba4 36. Qd2 Bb3 37. Nd4 Qf1+ 38. Qc1 Ba2+ 39. Kc2 Qxf2+ 40. Qd2 Qf1 41. Kc3 Qc4# 0-1

[Event "Titled Tuesday intern op 04th May"]
[Site "Chess.com INT"]
[Date "2021.05.04"]
[Round "2"]
[White "Gersov, Evgeny"]
[Black "Prraneeth, Vuppala"]
[Result "1/2-1/2"]
[WhiteElo "2324"]
[BlackElo "2253"]
[PlyCount "109"]
[EventDate "2021.05.04"]
[EventType "swiss (blitz)"]
[EventRounds "11"]
[EventCountry "USA"]
[SourceTitle "CBM 202 Extra"]
[Source "ChessBase"]
[SourceDate "2021.07.31"]
[SourceVersion "1"]
[SourceVersionDate "2021.07.31"]
[SourceQuality "1"]

1. e4 e5 2. Nf3 Nc6 3. Bc4 Nf6 4. d3 Bc5 5. Nc3 d6 6. Bg5 h6 7. Bxf6 Qxf6 8. Nd5 Qd8 9. c3 Be6 10. b4 Bb6 11. a4 a5 12. Nxb6 cxb6 13. Bxe6 fxe6 14. bxa5 Rxa5 15. Nd2 0-0 16. 0-0 Qg5 17. Nc4 Rc5 18. Qc1 Qg6 19. Nxd6 Nd4 20. Qb2 Rxc3 21. Rac1 Rxd3 22. Nc4 Nf3+ 23. Kh1 Qh5 24. gxf3 Qxf3+ 25. Kg1 Qg4+ 26. Kh1 Qf3+ 27. Kg1 Qxe4 28. Qxe5 Qg4+ 29. Kh1 Qf3+ 30. Kg1 Qg4+ 31. Kh1 Rf5 32. Qxe6+ Kh7 33. f4 Rf3 34. Qe4 Rxf1+ 35. Rxf1 g6 36. Ne3 Qe2 37. Qe7+ Kh8 38. Qe8+ Kh7 39. Qe4 Rh5 40. Qe7+ Kh8 41. Qf8+ Kh7 42. Qf7+ Kh8 43. Qf6+ Kh7 44. Qe7+ Kh8 45. h4 Qd3 46. Qf6+ Kh7 47. Qe7+ Kh8 48. f5 Qd4 49. Qf8+ Kh7 50. Qf7+ Kh8 51. Qf8+ Kh7 52. Qe7+ Kg8 53. Qe8+ Kh7 54. Qe7+ Kh8 55. Qf8+ 1/2-1/2

[Event "Titled Tuesday intern op 04th May"]
[Site "Chess.com INT"]
[Date "2021.05.04"]
[Round "4"]
[White "Rorrer, Grayson"]
[Black "Gersov, Evgeny"]
[Result "1-0"]
[WhiteElo "2117"]
[BlackElo "2324"]
[PlyCount "35"]
[EventDate "2021.05.04"]
[EventType "swiss (blitz)"]
[EventRounds "11"]
[EventCountry "USA"]
[SourceTitle "CBM 202 Extra"]
[Source "ChessBase"]
[SourceDate "2021.07.31"]
[SourceVersion "1"]
[SourceVersionDate "2021.07.31"]
[SourceQuality "1"]

1. e4 c6 2. d4 d5 3. exd5 cxd5 4. Bd3 Nf6 5. h3 Nc6 6. c3 g6 7. Nf3 Bg7 8. 0-0 0-0 9. Bf4 Bf5 10. Ne5 Bxd3 11. Nxd3 e6 12. Re1 a6 13. Nd2 Rc8 14. Nc5 Nd7 15. Nxb7 Qb6 16. Qb3 e5 17. Qxb6 Nxb6 18. dxe5 1-0

[Event "Titled Tuesday intern op 27th Apr"]
[Site "Chess.com INT"]
[Date "2021.04.27"]
[Round "10"]
[White "Gersov, Evgeny"]
[Black "Reprintsev, Alexander"]
[Result "0-1"]
[WhiteElo "2324"]
[BlackElo "2353"]
[PlyCount "106"]
[EventDate "2021.04.27"]
[EventType "swiss (blitz)"]
[EventRounds "11"]
[EventCountry "USA"]
[SourceTitle "CBM 202 Extra"]
[Source "ChessBase"]
[SourceDate "2021.07.31"]
[SourceVersion "1"]
[SourceVersionDate "2021.07.31"]
[SourceQuality "1"]

1. e4 d5 2. Nc3 d4 3. Nce2 c5 4. d3 Nc6 5. f4 e5 6. Nf3 exf4 7. Nxf4 Bd6 8. Be2 Nge7 9. 0-0 0-0 10. Nh5 Ng6 11. Ng5 Nce5 12. h3 a5 13. Bd2 a4 14. Rf2 b5 15. Qf1 Bc7 16. a3 Qd6 17. Nf4 Be6 18. Bh5 c4 19. Bxg6 Nxg6 20. Re1 c3 21. bxc3 dxc3 22. Be3 Ba2 23. g3 Qxa3 24. Kg2 Nxf4+ 25. gxf4 f6 26. Nf3 Bf7 27. Rb1 Rab8 28. Nd4 Qc5 29. Qe2 b4 30. Ne6 Qe7 31. Nxf8 Qxf8 32. e5 Bd5+ 33. Kg1 f5 34. e6 Qf6 35. Bc5 Qg6+ 36. Kh2 b3 37. Rg1 Qxe6 38. Qxe6+ Bxe6 39. Bd4 g6 40. Bxc3 bxc2 41. Rxc2 Bxf4+ 42. Kg2 Bd5+ 43. Kf2 a3 44. Ra1 a2 45. Bf6 Ra8 46. Bd4 Bg5 47. Rc5 Bf7 48. Rb5 Be7 49. Rb2 Bf8 50. Rb7 Bg7 51. Rb6 Bxd4+ 52. Ke2 Bxb6 53. d4 Bxd4 0-1

[Event "Titled Tuesday intern op 27th Apr"]
[Site "Chess.com INT"]
[Date "2021.04.27"]
[Round "7"]
[White "Gersov, Evgeny"]
[Black "Sztokbant, Bernardo Vainzoff"]
[Result "1-0"]
[WhiteElo "2324"]
[BlackElo "2194"]
[PlyCount "81"]
[EventDate "2021.04.27"]
[EventType "swiss (blitz)"]
[EventRounds "11"]
[EventCountry "USA"]
[SourceTitle "CBM 202 Extra"]
[Source "ChessBase"]
[SourceDate "2021.07.31"]
[SourceVersion "1"]
[SourceVersionDate "2021.07.31"]
[SourceQuality "1"]

1. e4 c6 2. Nc3 d5 3. Nf3 Bg4 4. h3 Bxf3 5. Qxf3 e6 6. Be2 Nf6 7. 0-0 Nbd7 8. d4 dxe4 9. Nxe4 Be7 10. c3 0-0 11. Bd3 Nxe4 12. Qxe4 Nf6 13. Qh4 h6 14. Re1 Qd7 15. Bxh6 gxh6 16. Qxh6 Rfd8 17. Re3 Bd6 18. Qxf6 Kf8 19. Rae1 Ke8 20. Rxe6+ Qxe6 21. Rxe6+ fxe6 22. Qxe6+ Kf8 23. Bg6 Kg7 24. Qf7+ Kh6 25. h4 Rh8 26. Qf6 Be7 27. Qxe7 Kxg6 28. g3 Rh7 29. Qe4+ Kg7 30. Kg2 Rf8 31. Qe5+ Kg8 32. Qe6+ Kh8 33. f4 Rg7 34. f5 Rfg8 35. Qe5 Kh7 36. Kf3 Rf7 37. g4 b5 38. g5 Rfg7 39. Kg4 Rf8 40. f6 Rd7 41. Qf5+ 1-0

[Event "Titled Tuesday intern op 27th Apr"]
[Site "Chess.com INT"]
[Date "2021.04.27"]
[Round "9"]
[White "Matthiesen, Martin"]
[Black "Gersov, Evgeny"]
[Result "0-1"]
[WhiteElo "2296"]
[BlackElo "2324"]
[PlyCount "68"]
[EventDate "2021.04.27"]
[EventType "swiss (blitz)"]
[EventRounds "11"]
[EventCountry "USA"]
[SourceTitle "CBM 202 Extra"]
[Source "ChessBase"]
[SourceDate "2021.07.31"]
[SourceVersion "1"]
[SourceVersionDate "2021.07.31"]
[SourceQuality "1"]

1. b3 d5 2. Bb2 Nf6 3. e3 c6 4. f4 Bf5 5. Nf3 h6 6. Be2 e6 7. 0-0 Be7 8. Ne5 Nbd7 9. g4 Bh7 10. g5 hxg5 11. fxg5 Nxe5 12. Bxe5 Nd7 13. Bxg7 Rg8 14. Bb2 Bxg5 15. Kh1 Qe7 16. Nc3 0-0-0 17. Bf3 Ne5 18. Bg2 f6 19. Ne2 Qd6 20. Nf4 Rh8 21. Qe2 Bf5 22. Rf2 Ng4 23. h3 Nxf2+ 24. Qxf2 Bxf4 25. exf4 Bxh3 26. Bxf6 Bxg2+ 27. Kxg2 Rdg8+ 28. Kf3 Rh3+ 29. Ke2 Rhg3 30. Be5 Qb4 31. Qxa7 Rg2+ 32. Kf1 Rg1+ 33. Ke2 R8g2+ 34. Kf3 Qe4# 0-1

[Event "Titled Tuesday intern op 20th Apr"]
[Site "Chess.com INT"]
[Date "2021.04.20"]
[Round "9"]
[White "Einarsson, Halldor Gretar"]
[Black "Gersov, Evgeny"]
[Result "0-1"]
[WhiteElo "2239"]
[BlackElo "2324"]
[PlyCount "112"]
[EventDate "2021.04.20"]
[EventType "swiss (blitz)"]
[EventRounds "11"]
[EventCountry "USA"]
[SourceTitle "CBM 202 Extra"]
[Source "ChessBase"]
[SourceDate "2021.07.31"]
[SourceVersion "1"]
[SourceVersionDate "2021.07.31"]
[SourceQuality "1"]

1. d4 Nf6 2. c4 c5 3. d5 b5 4. cxb5 a6 5. b6 Qxb6 6. Nc3 d6 7. e4 g6 8. a4 Bg7 9. a5 Qd8 10. h3 0-0 11. Nf3 Ne8 12. Be2 Nc7 13. 0-0 Bd7 14. Qb3 Bb5 15. Nxb5 axb5 16. Bxb5 Nxb5 17. Qxb5 Qd7 18. Qxd7 Nxd7 19. Nd2 Rfb8 20. Nc4 Rb4 21. Ne3 Rxe4 22. Ra2 Rb4 23. f4 Bd4 24. Kh2 Ra6 25. Nc2 Rb5 26. Nxd4 cxd4 27. Rd1 Rxd5 28. Bd2 e5 29. b4 e4 30. Bc3 d3 31. Re1 f5 32. g4 Kf7 33. gxf5 gxf5 34. Rg2 Nf6 35. Rg5 d2 36. Rd1 e3 37. Rg2 Ra8 38. Re2 Rd3 39. Bxd2 exd2 40. Rexd2 Rxd2+ 41. Rxd2 Ne4 42. Ra2 Nc3 43. Rc2 Nb5 44. Rc6 Ke6 45. Rb6 Nd4 46. a6 Kd5 47. b5 Kc5 48. Rb7 Nxb5 49. Rxh7 Rxa6 50. Rf7 Nd4 51. h4 Kd5 52. h5 Ra8 53. h6 Ke4 54. Kh3 Kxf4 55. Kh4 Rh8 56. Kh5 Nc6 0-1

[Event "Titled Tuesday intern op 20th Apr"]
[Site "Chess.com INT"]
[Date "2021.04.20"]
[Round "10"]
[White "Gersov, Evgeny"]
[Black "Dolzhikova, Kateryna"]
[Result "1/2-1/2"]
[WhiteElo "2324"]
[BlackElo "2166"]
[PlyCount "152"]
[EventDate "2021.04.20"]
[EventType "swiss (blitz)"]
[EventRounds "11"]
[EventCountry "USA"]
[SourceTitle "CBM 202 Extra"]
[Source "ChessBase"]
[SourceDate "2021.07.31"]
[SourceVersion "1"]
[SourceVersionDate "2021.07.31"]
[SourceQuality "1"]

1. e4 c5 2. Nf3 Nc6 3. Bb5 e5 4. Bxc6 dxc6 5. Nxe5 Qd4 6. Nf3 Qxe4+ 7. Qe2 Qxe2+ 8. Kxe2 Bg4 9. h3 Bh5 10. Nc3 0-0-0 11. d3 Re8+ 12. Be3 Nf6 13. g4 Bg6 14. Kd2 Nd5 15. Rae1 Nxe3 16. fxe3 h5 17. e4 hxg4 18. hxg4 Be7 19. Ne2 Bd6 20. Rxh8 Rxh8 21. e5 Bc7 22. Nf4 Rf8 23. Rh1 Re8 24. Re1 Bh7 25. Rh1 Bg8 26. Rh8 f6 27. Nh5 fxe5 28. Nxg7 Rd8 29. Kc1 e4 30. Ne1 Be5 31. Rxg8 Rxg8 32. Ne6 Rxg4 33. Nxc5 Rg1 34. Kd2 Bxb2 35. Nxe4 Be5 36. a4 Rh1 37. Nf3 Bc7 38. Kc3 b6 39. Kb3 Kb7 40. Nd4 a6 41. Nf5 Rb1+ 42. Ka2 Rf1 43. Ne3 Rh1 44. Kb3 Be5 45. Nc4 Bh8 46. c3 Rh3 47. Kc2 Rh5 48. Ncd6+ Kb8 49. Nc4 Ka7 50. Kb3 Be5 51. Kc2 Bc7 52. Kb3 Rh3 53. Kc2 b5 54. axb5 cxb5 55. Nb2 a5 56. Kb3 Rh2 57. d4 a4+ 58. Ka3 Rh4 59. Nc5 Bd6 60. Nbd3 Bxc5+ 61. Nxc5 Kb6 62. Kb4 Rh7 63. Ne4 Rh1 64. Nc5 Rb1+ 65. Ka3 Ra1+ 66. Kb2 Rh1 67. Ka3 Ra1+ 68. Kb2 Rg1 69. Ka2 Ka5 70. Nb7+ Ka6 71. Nc5+ Kb6 72. Ka3 Rg3 73. Kb4 Rh3 74. Ne4 Rh1 75. Nc5 Rh7 76. Ne4 Rh1 1/2-1/2

[Event "Titled Tuesday intern op 20th Apr"]
[Site "Chess.com INT"]
[Date "2021.04.20"]
[Round "5"]
[White "Martinez Alcantara, Jose Eduardo"]
[Black "Gersov, Evgeny"]
[Result "1-0"]
[WhiteElo "2620"]
[BlackElo "2324"]
[PlyCount "49"]
[EventDate "2021.04.20"]
[EventType "swiss (blitz)"]
[EventRounds "11"]
[EventCountry "USA"]
[SourceTitle "CBM 202 Extra"]
[Source "ChessBase"]
[SourceDate "2021.07.31"]
[SourceVersion "1"]
[SourceVersionDate "2021.07.31"]
[SourceQuality "1"]

1. e4 c6 2. Nf3 d5 3. d3 dxe4 4. dxe4 Qxd1+ 5. Kxd1 Bg4 6. Be2 Nd7 7. Ne1 Bxe2+ 8. Kxe2 0-0-0 9. Nd3 e5 10. Be3 b6 11. a4 f6 12. Nd2 Kb7 13. a5 b5 14. a6+ Kb8 15. c4 bxc4 16. Nxc4 Nb6 17. Bxb6 axb6 18. a7+ Kb7 19. Nxb6 Kxb6 20. a8Q Rxa8 21. Rxa8 Bd6 22. Rha1 h5 23. R1a6+ Kb7 24. R6a7+ Kb6 25. Rxg7 1-0

[Event "Titled Tuesday intern op 06th Apr"]
[Site "Chess.com INT"]
[Date "2021.04.06"]
[Round "3"]
[White "Brunner, Nicolas"]
[Black "Gersov, Evgeny"]
[Result "1-0"]
[WhiteElo "2418"]
[BlackElo "2324"]
[PlyCount "151"]
[EventDate "2021.04.06"]
[EventType "swiss (blitz)"]
[EventRounds "11"]
[EventCountry "USA"]
[SourceTitle "CBM 201 Extra"]
[Source "ChessBase"]
[SourceDate "2021.05.31"]
[SourceVersion "1"]
[SourceVersionDate "2021.05.31"]
[SourceQuality "1"]

1. d4 Nf6 2. c4 c5 3. d5 b5 4. cxb5 a6 5. b6 Qxb6 6. Nc3 d6 7. Nf3 g6 8. h3 Bg7 9. e4 0-0 10. Bd3 Ne8 11. 0-0 Nc7 12. Nd2 Nb5 13. Nc4 Qd8 14. Na4 Nd7 15. Bf4 Rb8 16. Qd2 Nd4 17. Bh6 Rb4 18. Bxg7 Kxg7 19. b3 Nf6 20. Rae1 Bd7 21. Nab2 Ne8 22. e5 dxe5 23. Nxe5 Nd6 24. Nbc4 Bb5 25. Qc3 Bxc4 26. Bxc4 Nxc4 27. Nc6 Qxd5 28. Nxb4 cxb4 29. Qxc4 Qxc4 30. bxc4 e6 31. Re4 Nc6 32. Rd1 Rc8 33. Rd7 Kf8 34. Rb7 a5 35. c5 h5 36. Rc4 Kg7 37. g4 hxg4 38. hxg4 Ne5 39. Rc2 Nxg4 40. c6 Nf6 41. c7 Nd5 42. Ra7 Kf6 43. Rxa5 Rxc7 44. Rxc7 Nxc7 45. Kg2 Nd5 46. Kf3 Ke5 47. Ra7 f5 48. Rg7 Kf6 49. Rg8 g5 50. Rf8+ Ke5 51. Rg8 g4+ 52. Ke2 Kf4 53. Re8 Ke5 54. Kd2 Kf6 55. Rb8 Ke5 56. Rb5 Kd4 57. Rb8 e5 58. Rg8 Ke4 59. Rg7 Kf3 60. Ke1 f4 61. Rd7 Nc3 62. a3 Na2 63. Rd2 b3 64. a4 Nb4 65. a5 g3 66. fxg3 fxg3 67. Kf1 e4 68. Rb2 Nd3 69. Rxb3 Ke3 70. Kg2 Kd2 71. Kxg3 Nc5 72. Rb1 e3 73. Kf3 e2 74. Rb2+ Kd1 75. Rxe2 Na6 76. Re6 1-0

[Event "Titled Tuesday intern op 06th Apr"]
[Site "Chess.com INT"]
[Date "2021.04.06"]
[Round "9"]
[White "Gersov, Evgeny"]
[Black "Shtyka, Sergey"]
[Result "0-1"]
[WhiteElo "2324"]
[BlackElo "2175"]
[PlyCount "104"]
[EventDate "2021.04.06"]
[EventType "swiss (blitz)"]
[EventRounds "11"]
[EventCountry "USA"]
[SourceTitle "CBM 201 Extra"]
[Source "ChessBase"]
[SourceDate "2021.05.31"]
[SourceVersion "1"]
[SourceVersionDate "2021.05.31"]
[SourceQuality "1"]

1. e4 c5 2. Nf3 Nc6 3. Bb5 g6 4. 0-0 Bg7 5. c3 e5 6. d3 Nge7 7. Nbd2 0-0 8. Re1 d6 9. Ba4 h6 10. Nf1 Kh7 11. h3 f5 12. Bb3 f4 13. Bd5 g5 14. N1h2 Nxd5 15. exd5 Ne7 16. d4 cxd4 17. cxd4 Ng6 18. dxe5 dxe5 19. Ng4 Bxg4 20. hxg4 Qd7 21. Qd3 Rfe8 22. Qe4 Rad8 23. Rd1 Qxg4 24. Bd2 Qd7 25. Bc3 g4 26. Nh4 Qf7 27. Rd2 Bf6 28. Nf5 Bg5 29. d6 Rf8 30. Ne7 Bxe7 31. dxe7 Qxe7 32. Re1 Rxd2 33. Bxd2 Qf7 34. Bc3 b6 35. Bxe5 Re8 36. Qb1 Qe6 37. Bc3 Qf7 38. Rd1 Kg8 39. Rd6 Re6 40. Rd8+ Re8 41. Qd3 f3 42. g3 Rxd8 43. Qxd8+ Kh7 44. Kh2 h5 45. a4 h4 46. gxh4 Qf4+ 47. Kg1 g3 48. Qd2 gxf2+ 49. Qxf2 Qg4+ 50. Kf1 Nxh4 51. Qd4 Qg2+ 52. Ke1 Qe2# 0-1

[Event "Titled Tuesday intern op 06th Apr"]
[Site "Chess.com INT"]
[Date "2021.04.06"]
[Round "4"]
[White "Gersov, Evgeny"]
[Black "Zhurbinsky, David J"]
[Result "1-0"]
[WhiteElo "2324"]
[BlackElo "1823"]
[PlyCount "117"]
[EventDate "2021.04.06"]
[EventType "swiss (blitz)"]
[EventRounds "11"]
[EventCountry "USA"]
[SourceTitle "CBM 201 Extra"]
[Source "ChessBase"]
[SourceDate "2021.05.31"]
[SourceVersion "1"]
[SourceVersionDate "2021.05.31"]
[SourceQuality "1"]

1. e4 e5 2. Nf3 Nc6 3. Bc4 Bc5 4. d3 Nf6 5. Nc3 d6 6. Bg5 h6 7. Bxf6 Qxf6 8. Nd5 Qd8 9. c3 Bg4 10. b4 Bb6 11. a4 a6 12. Nxb6 cxb6 13. Qb3 Qf6 14. Nd2 Ne7 15. 0-0 h5 16. f3 Bd7 17. Qd1 h4 18. Bb3 Ng6 19. Nc4 Nf4 20. Kh1 Rc8 21. Qd2 Nh5 22. Kg1 d5 23. exd5 Ng3 24. Rfe1 Rxc4 25. Bxc4 g5 26. Rxe5+ Kd8 27. Qxg5 Ne2+ 28. Kf2 Qxg5 29. Rxg5 Nxc3 30. a5 b5 31. Bb3 Re8 32. Re1 Rh8 33. d6 f6 34. Rg7 Bf5 35. Ree7 Re8 36. Rxe8+ Kxe8 37. Rxb7 Bxd3 38. d7+ Kd8 39. Be6 Nd1+ 40. Ke1 Ne3 41. Rb8+ Ke7 42. d8Q+ Kxe6 43. Qxd3 Nxg2+ 44. Kf2 Nf4 45. Qe4+ Kf7 46. Qxf4 h3 47. Rb7+ Ke6 48. Qe4+ Kd6 49. Qe7+ Kd5 50. Qc5+ Ke6 51. Rb6+ Kf7 52. Qf5 Ke8 53. Qe6+ Kf8 54. Qxf6+ Ke8 55. Rb8+ Kd7 56. Rd8+ Kc7 57. Qd6+ Kb7 58. Rb8+ Ka7 59. Qb6# 1-0

[Event "Santo Domingo op"]
[Site "Santo Domingo"]
[Date "2006.11.04"]
[Round "7"]
[White "Jonkman, Harmen"]
[Black "Gersov, Evgeny"]
[Result "1-0"]
[WhiteElo "2430"]
[BlackElo "2297"]
[PlyCount "161"]
[EventDate "2006.10.31"]
[EventType "swiss"]
[EventRounds "9"]
[EventCountry "DOM"]
[SourceTitle "EXT 2007"]
[Source "ChessBase"]
[SourceDate "2006.11.23"]
[SourceVersion "1"]
[SourceVersionDate "2006.11.23"]
[SourceQuality "1"]

1. e4 c6 2. d4 d5 3. Nd2 dxe4 4. Nxe4 Bf5 5. Ng3 Bg6 6. h4 h6 7. Nf3 Nd7 8. h5 Bh7 9. Bd3 Bxd3 10. Qxd3 e6 11. Bf4 Qa5+ 12. Bd2 Bb4 13. c3 Be7 14. c4 Qc7 15. 0-0-0 Ngf6 16. Kb1 0-0 17. Ne4 Rad8 18. Nxf6+ Nxf6 19. Qe2 b5 20. g4 bxc4 21. g5 hxg5 22. Bxg5 Rb8 23. Rdg1 Nd5 24. Qxc4 Bxg5 25. Nxg5 Qf4 26. Qc2 Qf5 27. Qxf5 exf5 28. Rc1 Rb6 29. Rc5 Re8 30. b3 f6 31. Nf3 Re2 32. Rc2 Rxc2 33. Kxc2 Nb4+ 34. Kb1 Nd3 35. Nh4 Nxf2 36. Rh2 Ng4 37. Re2 Rb5 38. Ng6 f4 39. Re8+ Kf7 40. Re7+ Kg8 41. Re8+ Kf7 42. Re7+ Kg8 43. Nxf4 Nh6 44. Ne6 Nf7 45. Re8+ Kh7 46. Re7 Kg8 47. Nc5 a5 48. Kc2 Nd6 49. Kc3 Rb4 50. Ne6 Nf7 51. a4 Rb8 52. Nc5 f5 53. Ne6 Rc8 54. Nf4 Ng5 55. Ra7 c5 56. Rxa5 Ne4+ 57. Kd3 cxd4 58. Kxd4 Nd2 59. Rb5 Re8 60. Kd3 Nxb3 61. Rxb3 Re4 62. Rb8+ Kf7 63. Rb7+ Kg8 64. Ng6 Rxa4 65. Rb5 f4 66. Rb8+ Kf7 67. Rf8+ Ke6 68. Nxf4+ Ke5 69. Ke3 Ra3+ 70. Kf2 Rb3 71. Rf7 Rb6 72. Kg3 Rb3+ 73. Kg4 Rb1 74. Ne2 Re1 75. Ng3 Ra1 76. Rxg7 Kf6 77. Rg6+ Kf7 78. Rb6 Ra7 79. Kg5 Kg7 80. Nf5+ Kh7 81. Re6 1-0

[Event "Santo Domingo op"]
[Site "Santo Domingo"]
[Date "2006.11.02"]
[Round "4"]
[White "Gersov, Evgeny"]
[Black "Puntier Andujar, Fausto Jiovanny"]
[Result "1-0"]
[WhiteElo "2297"]
[BlackElo "2165"]
[PlyCount "52"]
[EventDate "2006.10.31"]
[EventType "swiss"]
[EventRounds "9"]
[EventCountry "DOM"]
[SourceTitle "EXT 2007"]
[Source "ChessBase"]
[SourceDate "2006.11.23"]
[SourceVersion "1"]
[SourceVersionDate "2006.11.23"]
[SourceQuality "1"]

1. e4 e5 2. Nf3 Nc6 3. Bc4 Be7 4. d4 exd4 5. Nxd4 Nf6 6. Nxc6 dxc6 7. Qxd8+ Bxd8 8. f3 0-0 9. Bf4 Re8 10. Kf2 Nd7 11. Rd1 Bf6 12. c3 Ne5 13. Bb3 b6 14. Na3 Ba6 15. Bxe5 Rxe5 16. Bc4 b5 17. Be2 Rae8 18. Nc2 Be7 19. a4 Bc5+ 20. Kf1 f5 21. b4 Bd6 22. axb5 Bxb5 23. c4 fxe4 24. cxb5 cxb5 25. Rxa7 Rc5 26. bxc5 Bxc5 1-0

[Event "US Open-104"]
[Site "Los Angeles"]
[Date "2003.08.14"]
[Round "11"]
[White "Hungaski, Robert Andrew"]
[Black "Gersov, Evgeny"]
[Result "1/2-1/2"]
[WhiteElo "2140"]
[BlackElo "2352"]
[PlyCount "94"]
[EventDate "2003.08.03"]
[EventType "swiss"]
[EventRounds "12"]
[EventCountry "USA"]
[SourceTitle "CBM 095 Extra"]
[Source "ChessBase"]
[SourceDate "2003.09.04"]
[SourceVersion "1"]
[SourceVersionDate "2003.09.04"]
[SourceQuality "1"]

1. e4 c6 2. d4 d5 3. exd5 cxd5 4. Bd3 Nf6 5. c3 Nc6 6. Bf4 Bg4 7. Qb3 Na5 8. Qa4+ Bd7 9. Qc2 Qb6 10. Nd2 Bb5 11. Ngf3 Rc8 12. 0-0 e6 13. Bxb5+ Qxb5 14. h3 Be7 15. Ne5 0-0 16. Bg5 Rfe8 17. Bxf6 Bxf6 18. f4 Nc6 19. Ndf3 Rc7 20. Rae1 Qa6 21. f5 Bxe5 22. dxe5 exf5 23. Qxf5 Nd8 24. a3 Qe6 25. Qd3 Nc6 26. Rd1 Rd7 27. Rfe1 h6 28. Qb5 a6 29. Qa4 Qe7 30. Nd4 Qc5 31. Kh1 Rde7 32. Nf3 Qc4 33. Qxc4 dxc4 34. Re4 b5 35. Rd6 Nxe5 36. Rxe5 Rxe5 37. Nxe5 Rxe5 38. Rxa6 Re2 39. a4 Rxb2 40. axb5 Rxb5 41. Rc6 Rb1+ 42. Kh2 Kf8 43. Rxc4 Ke7 44. Rc7+ Ke6 45. Kg3 Rf1 46. h4 h5 47. Rc4 f6 1/2-1/2

[Event "Canadian op"]
[Site "Kapuskasing"]
[Date "2003.07.12"]
[Round "1"]
[White "Moiseenko, Alexander"]
[Black "Gersov, Evgeny"]
[Result "1/2-1/2"]
[WhiteElo "2618"]
[BlackElo "2352"]
[PlyCount "100"]
[EventDate "2003.07.12"]
[EventType "swiss"]
[EventRounds "10"]
[EventCountry "CAN"]
[SourceTitle "CBM 095 Extra"]
[Source "ChessBase"]
[SourceDate "2003.09.04"]
[SourceVersion "1"]
[SourceVersionDate "2003.09.04"]
[SourceQuality "1"]

1. d4 Nf6 2. Bg5 Ne4 3. Bf4 c5 4. f3 Nf6 5. dxc5 Qa5+ 6. Nc3 Qxc5 7. e4 d6 8. Qd2 a6 9. 0-0-0 Nbd7 10. g4 h6 11. h4 Ne5 12. Kb1 Be6 13. Nd5 Bxd5 14. exd5 g6 15. Be3 Qc7 16. Be2 Bg7 17. Nh3 Rc8 18. c3 Nc4 19. Bxc4 Qxc4 20. Nf2 h5 21. g5 Nd7 22. f4 Nc5 23. Rhe1 Na4 24. Bd4 Bxd4 25. Qxd4 0-0 26. Rxe7 Qb5 27. Qb4 Qxb4 28. cxb4 Rc4 29. Re4 Rfc8 30. Rde1 Nb6 31. b3 Rxe4 32. Nxe4 Nxd5 33. Nxd6 Rc7 34. Re8+ Kh7 35. Rd8 Ne7 36. Ne8 Rc8 37. Rxc8 Nxc8 38. a4 Kg8 39. Nc7 Nd6 40. a5 Kf8 41. Kc2 Ke7 42. Nd5+ Ke6 43. Ne3 Nf5 44. Ng2 Kd5 45. Kd3 Kd6 46. Kc4 Kc6 47. b5+ axb5+ 48. Kb4 Ne7 49. Ne3 Nf5 50. Ng2 Ne7 1/2-1/2

[Event "World op 31st"]
[Site "Philadelphia"]
[Date "2003.07.03"]
[Round "4"]
[White "Finegold, Benjamin"]
[Black "Gersov, Evgeny"]
[Result "1/2-1/2"]
[WhiteElo "2539"]
[BlackElo "2339"]
[PlyCount "107"]
[EventDate "2003.06.30"]
[EventType "swiss"]
[EventRounds "9"]
[EventCountry "USA"]
[SourceTitle "EXT 2004"]
[Source "ChessBase"]
[SourceDate "2003.11.25"]
[SourceVersion "1"]
[SourceVersionDate "2003.11.25"]
[SourceQuality "1"]

1. d4 Nf6 2. c4 c5 3. d5 b5 4. Nf3 g6 5. Qc2 bxc4 6. e4 d6 7. Bxc4 Bg7 8. 0-0 0-0 9. Re1 Nfd7 10. Bf4 Nb6 11. Nbd2 Ba6 12. Rab1 Nxc4 13. Nxc4 Bxc4 14. Qxc4 Nd7 15. Qe2 Qa5 16. b3 Rfe8 17. h4 h5 18. Qc2 Qc3 19. Qxc3 Bxc3 20. Re3 Bf6 21. Rc1 Rec8 22. e5 dxe5 23. Bxe5 Nxe5 24. Nxe5 Bxe5 25. Rxe5 Rc7 26. Rc4 Rd8 27. b4 f6 28. d6 Rxd6 29. Rexc5 Rxc5 30. Rxc5 Ra6 31. Rc2 Ra4 32. Rb2 Kf7 33. g3 Ke6 34. b5 Kd5 35. b6 axb6 36. Rxb6 Rxa2 37. Kg2 Rd2 38. Kf3 Ke5 39. Ke3 Rd6 40. Rb7 Ke6 41. Ra7 Rd7 42. Ra6+ Kf5 43. Ra4 e5 44. Ra6 Rb7 45. Kf3 g5 46. hxg5 Kxg5 47. Ra8 Rh7 48. Ke4 Kg6 49. Rg8+ Rg7 50. Rh8 Ra7 51. Rg8+ Kf7 52. Rh8 Ra2 53. f4 exf4 54. Kxf4 1/2-1/2

[Event "New York Masters 48th"]
[Site "New York"]
[Date "2003.03.18"]
[Round "4"]
[White "Yudasin, Leonid"]
[Black "Gersov, Evgeny"]
[Result "1-0"]
[WhiteElo "2558"]
[BlackElo "2338"]
[PlyCount "99"]
[EventDate "2003.03.18"]
[EventType "swiss (rapid)"]
[EventRounds "4"]
[EventCountry "USA"]
[SourceTitle "EXT 2004"]
[Source "ChessBase"]
[SourceDate "2003.11.25"]
[SourceVersion "1"]
[SourceVersionDate "2003.11.25"]
[SourceQuality "1"]

1. e4 c5 2. Nf3 Nc6 3. Bb5 g6 4. Bxc6 dxc6 5. h3 Bg7 6. d3 e5 7. Be3 b6 8. a4 a5 9. Na3 f6 10. Qd2 Be6 11. 0-0 Ne7 12. b3 g5 13. Nc4 Ng6 14. c3 h5 15. d4 g4 16. Nh2 gxh3 17. g3 cxd4 18. cxd4 exd4 19. Qxd4 Qxd4 20. Bxd4 Bxc4 21. bxc4 c5 22. Bc3 0-0 23. Rab1 Rfe8 24. Rfe1 Re6 25. f4 Rd6 26. Nf1 Re8 27. e5 fxe5 28. f5 Nf8 29. Ne3 Rd3 30. Ba1 Nd7 31. Kh2 Nf6 32. Kxh3 Bh6 33. Nf1 Nd7 34. Rbd1 Rxd1 35. Rxd1 Re7 36. Kh4 Bg7 37. Kxh5 Nf6+ 38. Kg6 Ne4 39. Rd8+ Bf8 40. f6 Re6 41. Kf5 Rxf6+ 42. Kxe4 Rxf1 43. Bxe5 Kf7 44. Rb8 Rc1 45. Rb7+ Kg8 46. Kd5 Rd1+ 47. Ke6 Re1 48. Rb8 Rc1 49. Bd6 Re1+ 50. Kd7 1-0